<?xml version="1.0" encoding="UTF-8"?>
<collection xmlns:xsi="http://www.w3.org/2001/XMLSchema-instance" xsi:schemaLocation="http://www.loc.gov/MARC21/slim http://www.loc.gov/standards/marcxml/schema/MARC21slim.xsd" xmlns="http://www.loc.gov/MARC21/slim">
 <record>
  <leader>00000ctm a22000004a 4500</leader>
  <controlfield tag="001">UP-99796217611385427</controlfield>
  <controlfield tag="003">Buklod</controlfield>
  <controlfield tag="005">20140902114117.0</controlfield>
  <controlfield tag="006">m    |o  d |      </controlfield>
  <controlfield tag="007">ta</controlfield>
  <controlfield tag="008">140902s2014    xx     d     r    |||| u|</controlfield>
  <datafield tag="035" ind1=" " ind2=" ">
   <subfield code="a">(iLib)UPD-00227807295</subfield>
  </datafield>
  <datafield tag="040" ind1=" " ind2=" ">
   <subfield code="a">DENG</subfield>
   <subfield code="e">rda</subfield>
  </datafield>
  <datafield tag="041" ind1=" " ind2=" ">
   <subfield code="a">eng</subfield>
  </datafield>
  <datafield tag="042" ind1=" " ind2=" ">
   <subfield code="a">DMLUC</subfield>
  </datafield>
  <datafield tag="090" ind1=" " ind2=" ">
   <subfield code="a">LG 996 2014 E653</subfield>
   <subfield code="b">M33</subfield>
  </datafield>
  <datafield tag="100" ind1="1" ind2=" ">
   <subfield code="a">Macapinlac, Emma Alcaraz</subfield>
   <subfield code="e">author.</subfield>
  </datafield>
  <datafield tag="245" ind1="1" ind2="0">
   <subfield code="a">Performance of a low-cost septic tank system with integrated microbial support system and a tertiary level treatment without aeration</subfield>
   <subfield code="c">by Emma Alcaraz Macapinlac.</subfield>
  </datafield>
  <datafield tag="264" ind1=" " ind2="1">
   <subfield code="a">Quezon City</subfield>
   <subfield code="b">College of Engineering, University of the Philippines Diliman</subfield>
   <subfield code="c">2014.</subfield>
  </datafield>
  <datafield tag="300" ind1=" " ind2=" ">
   <subfield code="a">xi, 154 leaves</subfield>
   <subfield code="b">illustrations (some color)</subfield>
   <subfield code="c">28 cm</subfield>
  </datafield>
  <datafield tag="336" ind1=" " ind2=" ">
   <subfield code="a">text</subfield>
   <subfield code="2">rdacontent</subfield>
  </datafield>
  <datafield tag="337" ind1=" " ind2=" ">
   <subfield code="a">unmediated</subfield>
   <subfield code="2">rdamedia</subfield>
  </datafield>
  <datafield tag="338" ind1=" " ind2=" ">
   <subfield code="a">volume</subfield>
   <subfield code="2">rdacarrier</subfield>
  </datafield>
  <datafield tag="502" ind1=" " ind2=" ">
   <subfield code="a">Thesis (Ph.D. in Environmental Engineering)--University of the Philippines, Diliman.</subfield>
  </datafield>
  <datafield tag="506" ind1=" " ind2=" ">
   <subfield code="a">Available to the general public.</subfield>
  </datafield>
  <datafield tag="520" ind1=" " ind2=" ">
   <subfield code="a">Majority of the septic tanks installed in the Philippines were not properly designed (open at the bottom) or leaking (walls porous or not watertight, which contaminate the ground water. Depending on the design, the BOD removal varies from 40 to 70%. This study presented a low-cost septic tank, the effluent of which passed DENR standards. The septic tank consisted of four 200-liter plastic drums (containers discarded by Industry) consecutively joined together followed by a 500 liter filter reactor, which provided extra capacity. During the start-up (eight weeks) the system showed a COD removal of 35-56%. A microbial support system consisting of pyrolyzed coconut shell in porous containers or screen was placed in the tanks and the reactor (except in the first tank, which is for settling). A microbial culture powder supplied by Dr. Leo Padua resulted In 42-65% COD removal. Next, a liquid culture supplied by Mr Edgar Maranan resulted in 41-60% COD removal. Finally, a culture supplied by Mr George Whang gave a 75-79% COD removal. For nutrient removal, aquatic plants and algae were used, which both grew depending on the COD level of the effluent wastewater. The maximum nitrogen removal was 92% while for phosphorous, 67%. COD and color were also reduced. The algae production was 0.4-0.9 g algae/day using 3 liters of liquid per day. The effluent was treated by electrocoagulation using aluminum electrodes operated at 10 volts DC and a current density of 87.8 amperes/sq meter. The final COD was 48 ppm and the BOD was 32 ppm, which passed the DENR effluent standards for discharge into Class C waters. The coliform count was 1.7 x 103 MPN/100ml., which also passed the standard limit of 1 x 104 MPM/100 ml.</subfield>
  </datafield>
  <datafield tag="650" ind1=" " ind2="0">
   <subfield code="a">Septic tanks.</subfield>
  </datafield>
  <datafield tag="650" ind1=" " ind2="0">
   <subfield code="a">Sewage sludge</subfield>
   <subfield code="x">Environmental aspects.</subfield>
  </datafield>
  <datafield tag="650" ind1=" " ind2="0">
   <subfield code="a">Waste disposal in the ground.</subfield>
  </datafield>
  <datafield tag="650" ind1=" " ind2="0">
   <subfield code="a">Sewage disposal in the ground.</subfield>
  </datafield>
  <datafield tag="905" ind1=" " ind2=" ">
   <subfield code="a">FI</subfield>
  </datafield>
  <datafield tag="905" ind1=" " ind2=" ">
   <subfield code="a">UP</subfield>
  </datafield>
  <datafield tag="852" ind1="0" ind2=" ">
   <subfield code="a">UPD</subfield>
   <subfield code="b">DARCHIVES</subfield>
   <subfield code="h">LG 996 2014 E653</subfield>
   <subfield code="i">M33</subfield>
  </datafield>
  <datafield tag="852" ind1="0" ind2=" ">
   <subfield code="a">UPD</subfield>
   <subfield code="b">DENG-II</subfield>
   <subfield code="h">LG 996 2014 E653</subfield>
   <subfield code="i">M33</subfield>
  </datafield>
  <datafield tag="942" ind1=" " ind2=" ">
   <subfield code="a">Thesis</subfield>
  </datafield>
 </record>
</collection>
